000 00516cam a2200193 a 4500
020 _a0500810435 (pbk) :
040 _cUKM
082 0 4 _a704 SHE 1993 C275 Or.
100 1 _aShearer, Alistair
245 1 4 _aThe Hindu vision :
_bforms of the formless /
260 _aLondon :
_bThames and Hudson,
_cc1993
300 _a96 p. :
_bill. (some col.) ;
_c28 cm
490 1 _aArt and imagination
650 0 _aHinduism
650 0 _aHindu art
650 0 _aHindu symbolism
650 0 _aHindu mythology
942 _cREC
999 _c21251
_d21251